Normal view
MARC view
Entry Personal Name
001 - CONTROL NUMBER
- control field: 3617
003 - CONTROL NUMBER IDENTIFIER
- control field: PK-LaUMT
005 - DATE AND TIME OF LATEST TRANSACTION
- control field: 20241205095450.0
008 - FIXED-LENGTH DATA ELEMENTS
- fixed length control field: 241205|| aca||aabn | a|a d
040 ## - CATALOGING SOURCE
- Original cataloging agency: PK-LaUMT
- Transcribing agency: PK-LaUMT
100 ## - HEADING--PERSONAL NAME
- Personal name: Shahzia Chaudhary = شازیہ چودھری
670 ## - SOURCE DATA FOUND
- Source citation: Work cat.: (PK-LaUMT)136212: Shahzia Chaudhary = شازیہ چودھری, Teray liyay hay mera dil =تیرے لیے ہے میرا دل /
